| 000 | 00599nam a22001937a 4500 | ||
|---|---|---|---|
| 003 | OSt | ||
| 005 | 20140310182053.0 | ||
| 008 | 130822t xxu||||| |||| 00| 0 eng d | ||
| 020 | _a9789715116435 | ||
| 050 |
_aBV 600.3 _b.J73 1998 |
||
| 082 |
_aHS 242 _bJ65 1998 |
||
| 100 |
_aJohnstone, Patrick _912197 |
||
| 245 |
_aThe Church is bigger than you think : _bstructures and strategies for thg church in the 21st century / _cPatrick Johnstone. |
||
| 260 |
_aManila : _bOMF Literature, _cc1998. |
||
| 300 |
_a314 p. ; _c22 cm. |
||
| 650 |
_aDevotional exercises _912198 |
||
| 942 | _2lcc | ||
| 999 |
_c9023 _d9023 |
||